000 00532nam a2200205Ia 4500
003 OSt
005 20140311163110.0
008 140130s9999 xx 000 0 und d
020 _a0439559642
050 _aPZ 7
_b.St857tc 2004
100 _aStilton, Geronimo
245 _cStilton, Geronimo.
_aThe curse of the cheese pyramid /
260 _bScholastic,
_c2004.
_aNew York :
300 _a112 p. :
_bcol. ill. ;
_c18 cm.
440 _v1
_930858
521 _aG3
526 _c500
942 _cBK-SCHOLAS
_2lcc
999 _c40552
_d40552